AGENDA MESYUARAT JAWATANKUASA KEMASYARAKATAN, PERKHIDMATAN, KORPORAT DAN TEKNOLOGI MAKLUMAT, MBPJ . BILANGAN 8 TAHUN 2013 (PENGGAL 2012/2013)

Bibliographic Details
Format: Software eBook

MARC

LEADER 00000cam a2200000 7i4500
001 0000321552
005 20241114114558.0
006 m ###gq d s #####
007 cd# u
008 2s2013 my gq d s may
040 |a MBPJ   |b eng   |c MBPJ   |e rda 
090 4 |a ADV 172 
110 2 |a Majlis Bandaraya Petaling Jaya   |e issuing body 
245 0 0 |a AGENDA MESYUARAT JAWATANKUASA KEMASYARAKATAN, PERKHIDMATAN, KORPORAT DAN TEKNOLOGI MAKLUMAT, MBPJ .   |n BILANGAN 8 TAHUN 2013 (PENGGAL 2012/2013)   |c Majlis Bandaraya Petaling Jaya 
264 0 |a Petaling Jaya :   |b Majlis Bandaraya Petaling Jaya   |c 2013 
300 |a 1 CD-ROM 52X (700MB/80 minutes) 
336 |a text  |2 rdacontent 
337 |a computer  |2 rdamedia 
338 |a computer disc  |2 rdacarrier 
347 |a text file   |b PDF  |2 rda 
500 |a Dokumen terbitan MBPJ - Audio visual minit mesyuarat MBPJ -SULIT 
500 |a Mesyuarat J/K Kemasyarakatan, Perkhidmatan, Korporat dan Teknologi Maklumat, MBPJ Pada 17 September 2013 (Selasa) - 9.30 pagi; Bilik Inai Merah (IT), MBPJ 
500 |a Urusetia 041/3 
999 |a BA4451/24   |b AUDIO VISUAL   |c KOLEKSI BAHAN ARKIB   |e PERPUSTAKAAN KOMUNITI PETALING JAYA